| 000 | 01018nam a2200289 c 4500 | ||
|---|---|---|---|
| 003 | BLK | ||
| 005 | 20180420222952.0 | ||
| 008 | 180408b bul|||||r ||||||| ||bul|| | ||
| 010 | _aKNG00064566000 | ||
| 020 |
_a5-7000-0003-2 _bиздат.: Кн. палата |
||
| 040 | _aBLK | ||
| 041 |
_aRUS _cRUS |
||
| 080 |
_aРуска литература _b821.161.1 _x-1 _z821.161.1-1 |
||
| 100 | 1 |
_aТвардовский, Александр Трифонович _eпърви автор _9128128 |
|
| 139 |
_aТвардовский, Александр Трифонович _bТ 43 |
||
| 245 | 1 | 0 |
_aПоэмы _cАлександр Трифонович Твардовский. |
| 257 | _aSUN | ||
| 260 |
_аМосква _bКн. палата _c1988 |
||
| 300 |
_a336 с. _c22 см |
||
| 380 | _aX | ||
| 490 | 1 | _aПопулярная библиотека | |
| 852 | _aЦб 153433 | ||
| 856 | 4 |
_qpdf _u |
|
| 856 | 4 |
_qpdf _u |
|
| 942 |
_cKNG _n0 |
||
| 944 |
_aCR _c27.01.2017 _kВася_Ганчева |
||
| 944 |
_aED _c27.01.2017 _kВася_Ганчева |
||
| 999 |
_c60401 _d60401 |
||